Premier League Strikers 2012-2013 Quiz Stats

 Plays Quiz not verified by Sporcle

Challenge
Share
Tweet
Score 0/95 Timer 12:00
0 Plays Today
Team Player % Correct
ChelseaFernando Torres
96.1%
ChelseaDemba Ba
95.4%
Manchester UnitedWayne Rooney
93.5%
LiverpoolLuis Suarez
93.2%
Aston VillaDarren Bent
92.5%
ArsenalOlivier Giroud
92.2%
Manchester UnitedRobin VanPersie
92.2%
ArsenalTheo Walcott
91.5%
NewcastlePapiss Cisse
90.3%
ArsenalLukas Podolski
90.2%
QPRDjibril Cisse
90.2%
Manchester CityEdin Dzeko
88.8%
Manchester CitySergio Aguero
88.8%
Manchester UnitedJavier Hernandez
88.8%
Manchester CityCarlos Tevez
88.1%
Manchester UnitedDanny Welbeck
87.8%
LiverpoolDaniel Sturridge
87.1%
TottenhamJermain Defoe
85.7%
FulhamDimitar Berbatov
85.6%
Manchester CityMario Balotelli
85.1%
Aston VillaChristian Benteke
84.9%
StokePeter Crouch
83.7%
SwanseaMichu
83%
West HamAndy Carroll
82.2%
EvertonNikica Jelavic
81.8%
NorwichGrant Holt
81.8%
TottenhamEmmanuel Adebayor
80.3%
SouthamptonRickie Lambert
79.1%
West BromRomelu Lukaku
74.2%
Aston VillaGabriel Agbonlahor
73%
StokeKenwyne Jones
72.7%
TottenhamClint Dempsey
72.2%
Team Player % Correct
SwanseaDanny Graham
71.8%
West HamCarlton Cole
70.3%
NewcastleShola Ameobi
70.1%
NewcastleSammy Ameobi
70.1%
SunderlandSteven Fletcher
69.6%
StokeJonathan Walters
68.1%
West BromShane Long
68.1%
WiganArouna Kone
66.6%
EvertonVictor Anichebe
66.6%
LiverpoolFabio Borini
66.2%
QPRBobby Zamora
63.8%
WiganFranco DiSanto
62.6%
ReadingAdam LeFondre
61.6%
West BromPeter Odemwingie
61.3%
Aston VillaAndreas Weimann
60.1%
ArsenalGervinho
59.9%
QPRAndrew Johnson
59.1%
ReadingPavel Pogrebnyak
56.9%
FulhamBryan Ruiz
56%
SouthamptonJay Rodriguez
55.5%
Manchester UnitedFederico Macheda
52.6%
StokeMichael Owen
50.6%
West HamMarouane Chamakh
49.9%
FulhamHugo Rodallega
48.7%
StokeCameron Jerome
48.2%
FulhamMladen Petric
46.5%
EvertonKevin Mirallas
44.7%
QPRJamie Mackie
44.1%
NorwichSteve Morison
41.9%
QPRDJ Campbell
41.4%
SunderlandFraizer Campbell
41.1%
EvertonSteven Naismith
37.9%
Team Player % Correct
NorwichSimeon Jackson
36.5%
NewcastleYoan Gouffran
35.9%
ReadingNoel Hunt
35%
West HamRicardo VazTe
33.8%
SunderlandConnor Wickham
32.6%
West HamModibo Maiga
31.7%
SunderlandLouis Saha
30.9%
ReadingJason Roberts
30.2%
EvertonApostolos Vellios
29.7%
SwanseaLuke Moore
27.8%
NewcastleNile Ranger
27.5%
NorwichHarry Kane
27.3%
West BromMarc Antoine Fortune
23.4%
QPRJay Bothroyd
21.6%
WiganAngelo Henriquez
20.9%
West BromMarkus Rosenberg
18.7%
SouthamptonGuly DoPrado
17.8%
LiverpoolDaniel Pacheco
17.7%
SwanseaLeroy Lita
17.1%
SouthamptonEmmanuel Mayuka
16.8%
SwanseaItay Shechter
13.8%
West HamWellington Paulista
13.4%
SouthamptonTadanari Lee
12.7%
WiganMauro Boselli
12.2%
ReadingSimon Church
11.2%
Aston VillaJordan Bowery
10.5%
WiganCallum McManaman
9.8%
NewcastleXisco
8.1%
SunderlandJames McFadden
7.1%
QPRRob Hulse
6.6%
West BromYassine ElGhanassy
4.9%

You're not logged in!

Compare scores with friends on all Sporcle quizzes.
OR
Log In

You Might Also Like...

Show Comments

Extras

Top Quizzes Today


Score Distribution

Your Account Isn't Verified!

In order to create a playlist on Sporcle, you need to verify the email address you used during registration. Go to your Sporcle Settings to finish the process.

Report this User

Report this user for behavior that violates our Community Guidelines.

Details: